Computer graphics in C and pascal (Record no. 91594)

MARC details
000 -LEADER
fixed length control field 00549nam a2200193Ia 4500
008 - FIXED-LENGTH DATA ELEMENTS--GENERAL INFORMATION
fixed length control field 230125s9999 xx 000 0 und d
020 ## - INTERNATIONAL STANDARD BOOK NUMBER
International Standard Book Number 81-7660-083-0
041 ## - LANGUAGE CODE
Language code of text/sound track or separate title eng
082 ## - DEWEY DECIMAL CLASSIFICATION NUMBER
Classification number 006.66
Item number BHA
100 ## - MAIN ENTRY--PERSONAL NAME
Personal name Bhandari S P
9 (RLIN) 114269
245 ## - TITLE STATEMENT
Title Computer graphics in C and pascal
260 ## - PUBLICATION, DISTRIBUTION, ETC. (IMPRINT)
Date of publication, distribution, etc. 2000
Name of publisher, distributor, etc. Everest Publishing house
Place of publication, distribution, etc. Pune
300 ## - PHYSICAL DESCRIPTION
Extent 563p
500 ## - GENERAL NOTE
Keywords Computers graphics ,C and pascal
500 ## - GENERAL NOTE
Keywords Computer graphics;Pascal
650 ## - SUBJECT ADDED ENTRY--TOPICAL TERM
Topical term or geographic name as entry element Computer Management
700 ## - ADDED ENTRY--PERSONAL NAME
Personal name Bhandari S P & Joshi S A
9 (RLIN) 114270
Holdings
Withdrawn status Lost status Damaged status Not for loan Home library Current library Date acquired Vendor Cost, normal purchase price Full call number Barcode Date last seen Cost, replacement price Bill Date Koha item type Original Barcode
Withdrawn 2022-23       Smt. Hiraben Nanavati Institute of Management & Research for Women Smt. Hiraben Nanavati Institute of Management & Research for Women 13/07/2001 Satya Gilani 297.00 006.66 BHA DB0479 HIMR-DB-479 25/01/2023 297.00 30/08/2001 Donated Book DB0479